<?xml version="1.0" encoding="UTF-8"?>
<record
    xmlns:xsi="http://www.w3.org/2001/XMLSchema-instance"
    xsi:schemaLocation="http://www.loc.gov/MARC21/slim http://www.loc.gov/standards/marcxml/schema/MARC21slim.xsd"
    xmlns="http://www.loc.gov/MARC21/slim">

  <leader>00296nam a2200121Ia 4500</leader>
  <controlfield tag="008">191201s2011    xx            000 0 und d</controlfield>
  <datafield tag="100" ind1=" " ind2=" ">
    <subfield code="a">MORRIS MANO, M</subfield>
  </datafield>
  <datafield tag="245" ind1=" " ind2="0">
    <subfield code="a">Computer Systems Architecture</subfield>
  </datafield>
  <datafield tag="250" ind1=" " ind2=" ">
    <subfield code="a">IMP 8th</subfield>
  </datafield>
  <datafield tag="260" ind1=" " ind2=" ">
    <subfield code="c">2011</subfield>
    <subfield code="b">pearson</subfield>
    <subfield code="a">NEW DELHI</subfield>
  </datafield>
  <datafield tag="300" ind1=" " ind2=" ">
    <subfield code="a">520</subfield>
  </datafield>
  <datafield tag="942" ind1=" " ind2=" ">
    <subfield code="2">ddc</subfield>
    <subfield code="c">BK</subfield>
    <subfield code="0">38</subfield>
  </datafield>
  <datafield tag="999" ind1=" " ind2=" ">
    <subfield code="c">7773</subfield>
    <subfield code="d">7773</subfield>
  </datafield>
  <datafield tag="952" ind1=" " ind2=" ">
    <subfield code="0">0</subfield>
    <subfield code="1">0</subfield>
    <subfield code="2">ddc</subfield>
    <subfield code="4">0</subfield>
    <subfield code="7">0</subfield>
    <subfield code="8">BCA</subfield>
    <subfield code="a">PIET</subfield>
    <subfield code="b">PIET</subfield>
    <subfield code="d">2012-03-07</subfield>
    <subfield code="e">IBH, New Delhi</subfield>
    <subfield code="g">350.00</subfield>
    <subfield code="k">4863</subfield>
    <subfield code="l">10</subfield>
    <subfield code="o">004.22 MAC</subfield>
    <subfield code="p">BC87</subfield>
    <subfield code="r">2025-11-13 00:00:00</subfield>
    <subfield code="s">2025-11-04</subfield>
    <subfield code="v">225.12</subfield>
    <subfield code="w">2012-03-07</subfield>
    <subfield code="y">BK</subfield>
  </datafield>
  <datafield tag="952" ind1=" " ind2=" ">
    <subfield code="0">0</subfield>
    <subfield code="1">0</subfield>
    <subfield code="2">ddc</subfield>
    <subfield code="4">0</subfield>
    <subfield code="7">0</subfield>
    <subfield code="8">BCA</subfield>
    <subfield code="a">PIET</subfield>
    <subfield code="b">PIET</subfield>
    <subfield code="d">2012-03-07</subfield>
    <subfield code="e">IBH, New Delhi</subfield>
    <subfield code="g">350.00</subfield>
    <subfield code="k">4863</subfield>
    <subfield code="l">6</subfield>
    <subfield code="o">004.22 MAC</subfield>
    <subfield code="p">BC88</subfield>
    <subfield code="r">2023-12-12 00:00:00</subfield>
    <subfield code="s">2023-12-06</subfield>
    <subfield code="v">225.12</subfield>
    <subfield code="w">2012-03-07</subfield>
    <subfield code="y">BK</subfield>
  </datafield>
  <datafield tag="952" ind1=" " ind2=" ">
    <subfield code="0">0</subfield>
    <subfield code="1">0</subfield>
    <subfield code="2">ddc</subfield>
    <subfield code="4">0</subfield>
    <subfield code="7">0</subfield>
    <subfield code="8">BCA</subfield>
    <subfield code="a">PIET</subfield>
    <subfield code="b">PIET</subfield>
    <subfield code="d">2012-03-07</subfield>
    <subfield code="e">IBH, New Delhi</subfield>
    <subfield code="g">350.00</subfield>
    <subfield code="k">4863</subfield>
    <subfield code="l">14</subfield>
    <subfield code="o">004.22 MAC</subfield>
    <subfield code="p">BC89</subfield>
    <subfield code="r">2024-12-04 00:00:00</subfield>
    <subfield code="s">2024-11-22</subfield>
    <subfield code="v">225.12</subfield>
    <subfield code="w">2012-03-07</subfield>
    <subfield code="y">BK</subfield>
  </datafield>
  <datafield tag="952" ind1=" " ind2=" ">
    <subfield code="0">0</subfield>
    <subfield code="1">0</subfield>
    <subfield code="2">ddc</subfield>
    <subfield code="4">0</subfield>
    <subfield code="7">0</subfield>
    <subfield code="8">BCA</subfield>
    <subfield code="a">PIET</subfield>
    <subfield code="b">PIET</subfield>
    <subfield code="d">2012-03-07</subfield>
    <subfield code="e">IBH, New Delhi</subfield>
    <subfield code="g">350.00</subfield>
    <subfield code="k">4863</subfield>
    <subfield code="l">10</subfield>
    <subfield code="o">004.22 MAC</subfield>
    <subfield code="p">BC90</subfield>
    <subfield code="r">2023-12-18 00:00:00</subfield>
    <subfield code="s">2023-12-08</subfield>
    <subfield code="v">225.12</subfield>
    <subfield code="w">2012-03-07</subfield>
    <subfield code="y">BK</subfield>
  </datafield>
  <datafield tag="952" ind1=" " ind2=" ">
    <subfield code="0">0</subfield>
    <subfield code="1">0</subfield>
    <subfield code="2">ddc</subfield>
    <subfield code="4">0</subfield>
    <subfield code="7">0</subfield>
    <subfield code="8">BCA</subfield>
    <subfield code="a">PIET</subfield>
    <subfield code="b">PIET</subfield>
    <subfield code="d">2012-03-07</subfield>
    <subfield code="e">IBH, New Delhi</subfield>
    <subfield code="g">350.00</subfield>
    <subfield code="k">4863</subfield>
    <subfield code="l">8</subfield>
    <subfield code="o">004.22 MAC</subfield>
    <subfield code="p">BC91</subfield>
    <subfield code="r">2023-12-12 00:00:00</subfield>
    <subfield code="s">2023-12-06</subfield>
    <subfield code="v">225.12</subfield>
    <subfield code="w">2012-03-07</subfield>
    <subfield code="y">BK</subfield>
  </datafield>
  <datafield tag="952" ind1=" " ind2=" ">
    <subfield code="0">0</subfield>
    <subfield code="1">0</subfield>
    <subfield code="2">ddc</subfield>
    <subfield code="4">0</subfield>
    <subfield code="7">0</subfield>
    <subfield code="8">BCA</subfield>
    <subfield code="a">PIET</subfield>
    <subfield code="b">PIET</subfield>
    <subfield code="d">2012-03-07</subfield>
    <subfield code="e">IBH, New Delhi</subfield>
    <subfield code="g">350.00</subfield>
    <subfield code="k">4863</subfield>
    <subfield code="l">10</subfield>
    <subfield code="o">004.22 MAC</subfield>
    <subfield code="p">BC92</subfield>
    <subfield code="r">2023-12-13 00:00:00</subfield>
    <subfield code="s">2023-11-27</subfield>
    <subfield code="v">225.12</subfield>
    <subfield code="w">2012-03-07</subfield>
    <subfield code="y">BK</subfield>
  </datafield>
</record>
